书目信息 |
| 题名: |
简单就是美
|
|
| 作者: | 东方慧子 著 | |
| 分册: | ||
| 出版信息: | 北京 中国盲文出版社 2002.04 |
|
| 页数: | 298页 | |
| 开本: | 21cm | |
| 丛书名: | ||
| 单 册: | ||
| 中图分类: | B825.49 | |
| 科图分类: | ||
| 主题词: | 个人--修养--通俗读物 | |
| 电子资源: | ||
| ISBN: | 7-5002-1634-3 | |
| 000 | 00771nam0 2200217 45 | |
| 005 | 20041011083450.42 | |
| 010 | @a7-5002-1634-3@dCNY 20.00 | |
| 100 | @a20020412d2002 ekmy0chiy0121 ea | |
| 101 | 0 | @achi |
| 102 | @aCN@b110000 | |
| 105 | @ay z 000yy | |
| 200 | 1 | @a简单就是美@Ajian dan jiu shi mei@e用最简单的方法获取最大的成功@f东方慧子著 |
| 210 | @a北京@c中国盲文出版社@d2002.04 | |
| 215 | @a298页@d21cm | |
| 330 | @a我们每个人都需要成功、富有与快乐,我们每个人都需要智慧的润泽,人生哲理的启示,我们每个人都需要学会包容,懂得爱情,学会做一个幸福的人。 | |
| 517 | 1 | @a用最简单的方法获取最大的成功 |
| 606 | 0 | @a个人@x修养@x通俗读物 |
| 690 | @aB825.49@v4 | |
| 701 | 0 | @a东方慧子@Adong fang hui zi@4著 |
| 801 | 0 | @aCN@bQSSK@c20041011 |
| 905 | @a10447@dB825.49@eD660 | |
| 简单就是美:用最简单的方法获取最大的成功/东方慧子著.-北京:中国盲文出版社,2002.04 |
| 298页;21cm |
| ISBN 7-5002-1634-3:CNY 20.00 |
| 我们每个人都需要成功、富有与快乐,我们每个人都需要智慧的润泽,人生哲理的启示,我们每个人都需要学会包容,懂得爱情,学会做一个幸福的人。 |
| ● |
| 相关链接 |
|
|
|
正题名:简单就是美
索取号:B825.49/D660
 
预约/预借
| 序号 | 登录号 | 条形码 | 馆藏地/架位号 | 状态 | 备注 |
| 1 | 399263 | 203992634 | 社科库509/509社科库 32排3列1层/ [索取号:B825.49/D660] | 在馆 | |
| 2 | 399264 | 203992643 | 社科库509/509社科库 32排3列1层/ [索取号:B825.49/D660] | 在馆 | |
| 3 | 399265 | 203992652 | 社科库509/509社科库 32排3列1层/ [索取号:B825.49/D660] | 在馆 |